000 01344nam a22003737a 4500
003 CHAP
005 20220329140649.0
008 971013s1984 r 00010 d
010 _a55620
011 _a56592
035 _a60745
040 _cCHAP
090 _aFolleto 8653
100 0 0 _aSerrano Muñoz, Alejandro.
_9105228
245 _aSistema para generar tablas de funciones estadísticas (SITAFUNES)
260 _aChapingo, Méx. :
_bColegio de Postgraduados. Centro de Estadística y Cálculo,
_c1984
300 _a41 p.
490 _aMonografías y manuales en estadística y cómputo
590 _aBATCH-UPD
_b10
_c20130110
_lUCH01
_h0129
590 _aBATCH-UPD
_b10
_c20130110
_lUCH01
_h1839
590 _aBATCH-UPD
_b10
_c20130409
_lUCH01
_h2124
590 _aBATCH-UPD
_b10
_c20130410
_lUCH01
_h1210
590 _aBATCH-UPD
_b10
_c20130914
_lUCH01
_h1022
590 _aCONVERSION
_b10
_c20130109
_lUCH01
_h1330
650 1 4 _aComputación.
_926122
650 1 4 _aEstadística
_xTablas.
_938257
650 1 4 _aFunciones.
_943959
830 0 _aMonografías y manuales en estadística y cómputo
_977592
901 _aBK
942 _cFOLL
949 _aFolleto 8653
_bBC
_cFOLL
_d-130730
_eTS1
_i60745
_si
949 _aFolleto 8653
_bBC
_cFOLL
_d-130732
_eTS2
_fc.2
_i60745
_si
949 _aFolleto 8653
_bBC
_cUACH
_d-130735
_eUACH
_fc.3
_i60745
_si
999 _c55620
_d55620